MARC details
| 000 -LEADER |
| fixed length control field |
02697cam a2200397 i 4500 |
| 001 - CONTROL NUMBER |
| control field |
17721264 |
| 003 - CONTROL NUMBER IDENTIFIER |
| control field |
GBCCL |
| 005 - DATE AND TIME OF LATEST TRANSACTION |
| control field |
20241126110721.0 |
| 008 - FIXED-LENGTH DATA ELEMENTS--GENERAL INFORMATION |
| fixed length control field |
130502t20132013txu b s001 0 eng |
| 010 ## - |
| -- |
2013008945 |
| 020 ## - INTERNATIONAL STANDARD BOOK NUMBER |
| International Standard Book Number |
9781602589773 (pbk. : acidfree paper) |
| 020 ## - INTERNATIONAL STANDARD BOOK NUMBER |
| International Standard Book Number |
1602589771 (pbk. : acidfree paper) |
| 040 ## - CATALOGING SOURCE |
| Original cataloging agency |
DLC |
| Language of cataloging |
eng |
| Transcribing agency |
DLC |
| Description conventions |
rda |
| Modifying agency |
DLC |
| 041 1# - |
| -- |
eng |
| -- |
ger |
| 042 ## - |
| -- |
pcc |
| 050 00 - |
| -- |
BS2545.R47 |
| -- |
A4513 2013 |
| 082 00 - DEWEY DECIMAL CLASSIFICATION NUMBER |
| Classification number |
232.5 |
| Edition information |
23 |
| Item number |
ALK |
| 100 1# - MAIN ENTRY--PERSONAL NAME |
| Personal name |
Alkier, Stefan. |
| 9 (RLIN) |
17257 |
| 240 10 - |
| -- |
Realität der Auferweckung in, nach und mit den Schriften des Neuen Testaments. |
| -- |
English |
| 245 14 - TITLE STATEMENT |
| Title |
The reality of the resurrection : |
| Remainder of title |
the New Testament witness / |
| Statement of responsibility, etc. |
Stefan Alkier, Leroy A. Huizenga, translator. |
| 264 #1 - PRODUCTION, PUBLICATION, DISTRIBUTION, MANUFACTURE, AND COPYRIGHT NOTICE |
| Place of production, publication, distribution, manufacture |
Waco : |
| Name of producer, publisher, distributor, manufacturer |
Baylor University Press, |
| Date of production, publication, distribution, manufacture, or copyright notice |
[2013] |
| 264 #4 - PRODUCTION, PUBLICATION, DISTRIBUTION, MANUFACTURE, AND COPYRIGHT NOTICE |
| Date of production, publication, distribution, manufacture, or copyright notice |
©2013 |
| 300 ## - PHYSICAL DESCRIPTION |
| Extent |
xvi, 335 pages ; |
| Dimensions |
23 cm |
| 336 ## - CONTENT TYPE |
| Content type term |
text |
| Source |
rdacontent |
| 337 ## - MEDIA TYPE |
| Media type term |
unmediated |
| Source |
rdamedia |
| 338 ## - CARRIER TYPE |
| Carrier type term |
volume |
| Source |
rdacarrier |
| 500 ## - GENERAL NOTE |
| General note |
"The Reality of the Resurrection was originally published in German as Die Realität der Auferweckung in, nach und mit den Schriften des Neuen Testaments ©2009 Narr Francke Attempto Verlag GmbH + Co. KG. English translation by Leroy A. Huizenga, with David Moffitt." |
| 504 ## - BIBLIOGRAPHY, ETC. NOTE |
| Bibliography, etc. note |
Includes bibliographical references (pages 295-312) and indexes. |
| 505 0# - FORMATTED CONTENTS NOTE |
| Miscellaneous information |
Part I. |
| Title |
Resurrection and the New Testament : exegetical investigations. |
| -- |
The Pauline literature -- |
| -- |
Hebrews -- |
| -- |
The synoptic Gospels and Acts -- |
| -- |
The Johannine Writings -- |
| -- |
The Catholic letters -- |
| Miscellaneous information |
Part II. |
| Title |
Resurrection and the New Testament : systematic interpretations. |
| -- |
The fundamental structure of resurrection discourse in the writings of the New Testament and the problem posed for the second part of the investigation -- |
| -- |
The conception of reality according to categorical semiotics -- |
| -- |
Semiotic interpretation of the phenomena of resurrection discourse in the writings of the New Testament -- |
| -- |
Semiotic interpretation of Protestant resurrection discourse today -- |
| Miscellaneous information |
Part III. $t Resurrection and the New Testament : ecclesial and educational praxis. |
| Title |
Protestant discourse about death and resurrection in funeral services -- |
| -- |
Resurrection as a theme in religious school instruction -- |
| -- |
The Lord's Supper as a gift of the resurrected Crucified One. |
| 600 00 - SUBJECT ADDED ENTRY--PERSONAL NAME |
| Personal name |
Jesus Christ |
| General subdivision |
Resurrection. |
| 9 (RLIN) |
3155 |
| 630 00 - SUBJECT ADDED ENTRY--UNIFORM TITLE |
| Uniform title |
Bible. |
| Name of part/section of a work |
New Testament |
| General subdivision |
Criticism, interpretation, etc. |
| 9 (RLIN) |
338 |
| 650 #0 - SUBJECT ADDED ENTRY--TOPICAL TERM |
| Topical term or geographic name entry element |
Resurrection |
| General subdivision |
Biblical teaching. |
| 9 (RLIN) |
8638 |
| 906 ## - LOCAL DATA ELEMENT F, LDF (RLIN) |
| a |
7 |
| b |
cbc |
| c |
orignew |
| d |
1 |
| e |
ecip |
| f |
20 |
| g |
y-gencatlg |
| 942 ## - ADDED ENTRY ELEMENTS (KOHA) |
| Source of classification or shelving scheme |
Dewey Decimal Classification |
| Koha item type |
Books |
| Koha issues (borrowed), all copies |
1 |